| 000 | 00522nam a22001817a 4500 | ||
|---|---|---|---|
| 005 | 20251108165022.0 | ||
| 008 | 250721s1981 xx 000 0 ara d | ||
| 082 | 1 | 4 | _a540/سين |
| 100 | 1 | _aسينكو، ميشيل ج. | |
| 245 | 1 | 0 | _aالكيمياء / |
| 264 | 1 |
_aنيويورك : _bدار ماكجروهيل للنشر، _c1981. |
|
| 300 | _a631ص | ||
| 650 | 1 | 7 | _aالكيمياء |
| 700 | 1 | _aبلان، روبرت أ. | |
| 700 | 1 |
_aحسن، السيد علي _eترجمة |
|
| 942 |
_2ddc _cBK |
||
| 999 |
_c20019 _d20019 |
||